| 000 | 00388 a2200145 4500 | ||
|---|---|---|---|
| 005 | 20250524100852.0 | ||
| 020 | _a0 471 58031 7 | ||
| 082 | _aLECT 519.5 MAY | ||
| 100 | _aMAYES, A. C. | ||
| 245 | _aIntroductory Economic Statistics | ||
| 260 |
_aLondon, _bJohn Wiley & Sons, _c1976. |
||
| 300 |
_ax, 223p.: ill.; figure, table. _bIndex. _c22cm. |
||
| 700 | _aMAYES, D. G. | ||
| 942 |
_2ddc _cBKS |
||
| 999 |
_c2622 _d2622 |
||